000 01349 a2200265 4500
001 24203
005 20260407155526.0
008 260407a2012 arg spa d
003 AR-UNSa-BCEJYS
040 _aAR-UNSa-BCEJYS
_bspa
_cAR-UNSa-BCEJYS
080 _a657
_xContabilidad
245 1 0 _aLecturas de contabilidad básica
_pcon ejercicios de aplicación
020 _a978-987-1577-69-9
264 1 _aBuenos Aires :
_bOsmar D. Buyatti
_c2012
300 _a580 p.
_c22 cm.
505 _a1. El marco general de la contabilidad - 2. Fundamentos de la contabilidad patrimonial - 3. Efectos de las operaciones - 4. El proceso contable - 5. Cajas y bancos - 6. Créditos - 7. Bienes de cambio - 8. Bienes de cambio. Empresa industrial - 9. Bienes de cambio. Empresa de servicios - 10. Bienes de uso - 11. Activos intangibles - 12. Inversiones - 13. Deudas - 14. Previsiones - 15. Patrimonio Neto - 16. Culminación del proceso contable - 17. Ajuste por inflación - 18. Las normas internacionales de información financiera (NIIF)
041 _aspa
942 _cBK
590 _aniveau_biblio:m niveau_hierar:0
100 1 _aSimaro, Jorge D.
700 1 _aTonelli, Omar E.
650 _aNIIF
856 4 1 _uhttps://biblioeco.unsa.edu.ar/pmb/images/libros/Lecturas de Contabilidad B?sica.jpg
_yImagen de portada
_qimage/jpeg
650 _a niif
999 _c1163
_d1163